| 000 | 02273nam a2200337 i 4500 | ||
|---|---|---|---|
| 001 | 000008389 | ||
| 003 | DO-SdBNP | ||
| 005 | 20260526095509.0 | ||
| 007 | ta | ||
| 008 | 090916t2000 dr 001 e spa d | ||
| 020 | _a9993481947 | ||
| 040 |
_aDO-SdBNP _bspa _cBNPHU _erda |
||
| 041 | _aspa | ||
| 049 | _aBNPD | ||
| 082 | 4 |
_aRD864.4408 _bT278l _222 |
|
| 245 | 0 | 0 |
_aTemas literarios / _ceditora, Irene Pérez Guerra ; cuidado de edición, José Chez Checo. |
| 264 | 4 |
_aSanto Domingo : _bPatronato de la Ciudad Colonial de Santo Domingo : _bCentro de Altos Estudios Humanísticos y del Idioma Español, _c©2000. |
|
| 300 |
_a234 páginas ; _c23 cm. |
||
| 336 |
_atexto _btxt _2rdacontent |
||
| 337 |
_asin mediación _bn _2rdamedia |
||
| 338 |
_avolumen _bnc _2rdacarrier |
||
| 500 | _aIncluye índice temático, toponímico y onomástico. | ||
| 505 | 0 |
_aPresentación / _rConsejo académico del Centro de Altos Estudios Humanísticos y del Idioma Español -- _tIntroducción / _rIrene Pérez Guerra -- _tLa literatura de las Antillas Holandesas dentro del marco de la literatura del Caribe / _rRamón Todd Dandaré -- _tLas últimas horas de García Lorca / _rMariano Lebrón Saviñón -- _tPanorama de la poesía actual en la República Dominicana / _rVíctor Villegas -- _tLa poesía de Tony Raful y el lirísmo como centro de la producción poética / _rMateo Morrison -- _tEl problema de los universales en la literatura dominicana / _rAndrés L. Mateo -- _tFranklin Mieses Burgos, una cumbre de la poesía universal / _rLeón David -- _tSalomé Ureña, una desmitificación necesaria / _rSherezada Vicioso (Chiqui) -- _tLa generación del 80: una visión crítica / _rJosé Mármol -- _tPedro Henríquez Ureña : su relación con Jorge Luís Borges y Alfonso Reyes / _rJuan Salvador Tavárez -- _tLa mujer en relación con la creación literaria y su entorno / _rPepa Acevedo -- _gÍndice temático -- _gÍndice toponímico -- _gÍndice onomástico . |
|
| 590 | _aInventariado, 2024/DG | ||
| 650 | 4 |
_aEnsayos dominicanos _xColecciones _922619 |
|
| 650 | 4 |
_aLiteratura dominicana _xColecciones _9352 |
|
| 700 | 1 |
_aPérez Guerra, Irene, _eeditor _4ed. _919025 |
|
| 700 | 1 |
_aChez Checo, José, _d1949- _eeditor _4ed. _910145 |
|
| 910 | _aValidado. Control de calidad EMS. | ||
| 942 |
_2ddc _cLBS1 |
||
| 999 |
_c8160 _d8160 |
||